Prisoner (Cell Block H) GK - Statistics

General Stats
  • This quiz has been taken 315 times
  • The average score is 12 of 15
Answer Stats
Question Answer % Correct
What was the nickname of the prison officer Joan Fergusson? The Freak
98%
What was the name of the prison? Wentworth
98%
What was the name of the governor when the series started? Erica
96%
Who is the only character to appear in both the first and last episodes? Meg
96%
Who was the series first 'Top Dog'? Bea
95%
What was the name of the governor who replaced her? Anne
93%
How many episodes in total were there? 692
90%
Which future Neighbours star played Doreen Burns? Collette Mann
90%
Who did prison officer Joyce Barry marry? Chef Mervyn Pringle
88%
How did the character of 'Mouse' Trapp die? In a fire
86%
Which character came to prison dressed like Boy George? Lexie
83%
What links the actresses that played Vera Bennett, Erica Davidson & Chrissie Latham? They are English
76%
What was the name of the first male officer at the prison? Jim Fletcher
75%
in which year was the last episode originally shown? 1986
61%
What position did the theme song 'On The Inside' by Lynne Hamilton reach in the UK charts? 3
17%
No matching quizzes found
Score Distribution
Percent of People with Each Score
Percentile by Number Answered
Your Score History
You have not taken this quiz